Highway engineering
Saved in:
| Main Author: | |
|---|---|
| Format: | Book |
| Language: | English |
| Published: |
John Wiley & Sons
2004
|
| Tags: |
Add Tag
No Tags, Be the first to tag this record!
|
MARC
| LEADER | 00000nam a22000007a 4500 | ||
|---|---|---|---|
| 008 | 210122b ||||| |||| 00| 0 eng d | ||
| 020 | |a 978-81-265-2451-8 | ||
| 100 | |a WRIGHT, Paul H | ||
| 245 | |a Highway engineering |c Paul H. Wright [and] Karen K .Dixon.- |g Vii, 677p., ill | ||
| 250 | |b 7th ed. | ||
| 260 | |b John Wiley & Sons |c 2004 |d Books |h New Delhi |i 690951 |i 690952 |l TE145 .W93 |m Highway engineering – Handbooks manuals etc |m Pavements – Handbooks, manuals etc |m Roads – Handbooks, manual etc | ||
| 942 | |a lcc |c BK |e Adekanye I. H. |f 22/01/2021 | ||
| 952 | |0 0 |1 0 |2 lcc |4 0 |6 TE0145 W93 |7 0 |9 1473 |a HOL |b TL |c QZ |d 2021-01-22 |l 0 |o TE145 .W93 |p 2021-0270 |r 2021-01-22 00:00:00 |w 2021-01-22 |y BK | ||
| 952 | |0 0 |1 0 |2 lcc |4 0 |6 TE0145 W93 |7 0 |9 1474 |a HOL |b HOL |c QZ |d 2021-01-22 |l 0 |o TE145 .W93 |p 2021-0271 |r 2021-01-22 00:00:00 |w 2021-01-22 |y BK | ||
| 999 | |c 773 |d 773 | ||